| 000 | 00519nam a22001817a 4500 | ||
|---|---|---|---|
| 003 | CEME | ||
| 005 | 20210628210146.0 | ||
| 008 | 210215b xxu||||| |||| 00| 0 eng d | ||
| 020 | _a0-471-00417-0 | ||
| 040 | _c. | ||
| 082 | _a535.6028 BER | ||
| 100 |
_aBerger-Schunn, Anni _978337 |
||
| 245 | _aPractical color measurement a primer for the beginner.a reminder for the expert | ||
| 260 |
_aNEW YORK _bJOHN WILEY _c1994 |
||
| 300 | _a175P | ||
| 650 |
_aCOLOUR COLOR MEASUREMENT COLORIMETR _978338 |
||
| 942 |
_cBK _2ddc |
||
| 999 |
_c583476 _d583476 |
||